Detalles MARC
| 000 -CABECERA |
| campo de control de longitud fija |
01290nam a2200229 i 4500 |
| 003 - IDENTIFICADOR DEL NÚMERO DE CONTROL |
| campo de control |
DO-SdBNP |
| 005 - FECHA Y HORA DE LA ÚLTIMA TRANSACCIÓN |
| campo de control |
20260304092050.0 |
| 006 - CÓDIGOS DE INFORMACIÓN DE LONGITUD FIJA--CARACTERÍSTICAS DEL MATERIAL ADICIONAL |
| campo de control de longitud fija |
a||||gr|||| 00| 0 |
| 007 - CAMPO FIJO DE DESCRIPCIÓN FÍSICA--INFORMACIÓN GENERAL |
| campo de control de longitud fija |
ta |
| 008 - DATOS DE LONGITUD FIJA--INFORMACIÓN GENERAL |
| campo de control de longitud fija |
230913e2001 dr ||||| |||| 00| 0 spa d |
| 040 ## - FUENTE DE LA CATALOGACIÓN |
| Centro catalogador/agencia de origen |
DO-SdBNP |
| Lengua de catalogación |
spa |
| Centro/agencia transcriptor |
BNPHU |
| Normas de descripción |
rda |
| 082 #4 - NÚMERO DE LA CLASIFICACIÓN DECIMAL DEWEY |
| Número de edición |
22 |
| Número de documento/Ítem |
B742 |
| 100 1# - ENTRADA PRINCIPAL--NOMBRE DE PERSONA |
| Nombre de persona |
Ortiz Bosch, Milagros, 1936- |
| Fechas asociadas al nombre |
1936- |
| Término indicativo de función/relación |
autora |
| 9 (RLIN) |
26797 |
| 245 10 - MENCIÓN DE TÍTULO |
| Título |
Discurso sobre el "perfil del candidato o candidata" para las elecciones del 2002 pronunciado por la Doctora Milagros Ortiz Bosch en el Museo de Historia y Geografía, el día 26 de agosto del 2001: |
| Mención de responsabilidad, etc. |
Milagros Ortíz Bosch |
| 246 14 - FORMA VARIANTE DE TÍTULO |
| Título propio/Titulo breve |
Perfil del candidato o candidata. |
| 264 ## - PRODUCCIÓN, PUBLICACIÓN, DISTRIBUCIÓN, FABRICACIÓN Y COPYRIGHT |
| Fecha de producción, publicación, distribución, fabricación o copyright |
Santo Domingo : |
| Producción, publicación, distribución, fabricación y copyright |
[sin lugar], |
| Nombre del de productor, editor, distribuidor, fabricante |
2001 |
| 500 ## - NOTA GENERAL |
| Nota general |
Ponencia presentada en el seminario Los Distritos Electorales, organizado por el Departamento Electoral del Partido Revolucionario Dominicano y celebrada en el Museo de Historia y Geografía el 26 de agosto, 2001. |
| 505 0# - NOTA DE CONTENIDO CON FORMATO |
| Nota de contenido con formato |
A manera de prólogo. |
| Título |
Un largo proceso.-- Algunos ejemplos.-- La campaña política.-- El Partido y la Oferta Política.-- Sector externo - Sociedad Civil.-- Los avances.-- El Discurso.-- Recursos Económicos.-- Coherencia ética. |
| 590 ## - NOTA LOCAL (RLIN) |
| Nota local |
Inventariado 2023 / MF |
| 600 10 - PUNTO DE ACCESO ADICIONAL DE MATERIA--NOMBRE DE PERSONA |
| Nombre de persona |
Ortiz Bosch, Milagros, 1936- |
| Fechas asociadas al nombre |
1936- |
| Subdivisión general |
Discurso |
| 9 (RLIN) |
26797 |
| 942 ## - ELEMENTOS DE PUNTO DE ACCESO ADICIONAL (KOHA) |
| Fuente del sistema de clasificación o colocación |
Dewey Decimal Classification |
| Tipo de ítem Koha |
Folleto |